000 00271nam a22001217a 4500
008 180316b xxu||||| |||| 00| 0 eng d
041 _aeng
080 _a941
100 _a16
101 _aHIS
245 _aOld New York in Early Photographs
_cBlack, M
942 _2udc
_cBK
999 _c45267
_d45267